| 000 | 00658nam a22002051c 4500 | ||
|---|---|---|---|
| 001 | 9783534262793-nbs | ||
| 008 | 141002s2013 gw a||| 000u ger d | ||
| 020 |
_a9783534262793 _9978-3-534-26279-3 |
||
| 041 | _ager | ||
| 100 | 1 | _aCüppers, Martin | |
| 245 | 0 | 0 |
_aWalther Rauff - In deutschen Diensten : _bvom Naziverbrecher zum BND-Spion |
| 264 |
_aDarmstadt : _bWissenschaftliche Buchgesellschaft, _c2013 |
||
| 300 | _a438 S.: Ill | ||
| 600 | 0 | _aRauff, Walther | |
| 655 | 0 | _aBiographie | |
| 942 | _cMG | ||
| 040 | _cRU-10907106 | ||
| 003 | RU-10907106 | ||
| 999 |
_c36506 _d36506 |
||
| 490 | 0 |
_aVeröffentlichungen der Forschungsstelle Ludwigsburg der Universität Stuttgart _v24 |
|